000 00673nam a2200289Ia 4500
005 20260324120529.0
008 008 260324s9999 xx 000 0 eng d
020 _a9781315720715
037 _aEBOOK
040 _aCRL
040 _beng
040 _cCRL
041 _2eng
041 _aeng
084 _qCRL
100 _aC. W. Sullivan III
_91158936
245 4 _aThe Mabinogi (Routledge Revivals)
245 2 _bA Book of Essays
260 _bTaylor and Francis
260 _c2015
365 _a
365 _b300
856 _uhttp://www.taylorfrancis.com/books/9781315720715
942 _cEBOOK
999 _c1750533
_d1750533